Canadian Brand Logos! #2 - Statistics

General Stats
  • This quiz has been taken 61 times
    35 since last reset
  • The average score is 12 of 25
Answer Stats
Picture Answer % Correct
CIBC
75%
Home Hardware
67%
Petrocanada
67%
Greenpeace
63%
Boston Pizza
58%
Scotiabank
58%
Roots
54%
Hudson's Bay
50%
National Bank
50%
Ottawa Senators
50%
Becel
46%
Rogers
46%
Giant Tiger
42%
Greyhound
42%
MAC
42%
New York Fries
42%
Via Rail
42%
Corel
38%
Deadmau5
38%
Sunwing
38%
Ardene
33%
Mega Bloks
33%
Plenty Of Fish
33%
Four Seasons
25%
Manchu Wok
25%
No matching quizzes found
Score Distribution
Percent of People with Each Score
Percentile by Number Answered
Your Score History
You have not taken this quiz since the last reset